000 01323nam a2200337 a 4500
001 000109590
003 CHAP
005 20220329144056.0
008 140513s2014 mx a |sm |||||||spa|d
010 _a106052
011 _a107024
040 _cCHAP
090 _aTesis
100 1 _aRoldan Aguilar, Edgar
_9127045
245 1 0 _aEvaluación de dos enrraizadores Rooting y Ruter AA en el desarrollo radicular y crecimiento de plantulas de aguacate (Persea americana cv. Reed) en Chapingo, Estado de México
_h[En línea]
_cpor Edgar Roldan Aguilar y Vicente Rodrigo Sántiz Mendez.
260 _aChapingo, Méx. :
_bEl autor,
_c2014.
500 _aPara ver el contenido del material haga clic en la liga
502 _aTesis (Ing. Agr. Esp. en Fitotecnia) -- UACH. Departamento de Fitotecnia
590 _aBATCH-UPD
_b10
_c20141002
_lUCH01
_h0903
590 _aE11695DGD
_b10
_c20140526
_lUCH01
_h0957
590 _aE792CSJ
_b05
_c20140513
_lUCH01
_h0925
590 _aE792CSJ
_b05
_c20140513
_lUCH01
_h0926
650 1 4 _aAguacate
_xPlántulas.
_92544
650 1 4 _aEnraizamiento.
_937013
650 1 4 _aRaíces
_xCrecimiento.
_994672
700 1 _aSántiz Mendez, Vicente Rodrigo
_9127046
856 _aFinding aid
_uhttp://10.13.5.2/tesis/sist109590.pdf
_zTeclea aquí
901 _aBK
942 _cTESIS
942 _n0
999 _c106052
_d106052